000 00487nam a2200157Ia 4500
008 240729s9999 xx 000 0 und d
022 _a2580-3689
245 0 _aEnglish Franca: Academic Journal of English Language and Education
260 _aIndonesia
260 _bInstitut Agama Islam Negeri (IAIN) Curup
650 _a English language
650 _aLanguage and Literature
856 _uhttps://doaj.org/toc/c12536528bfc4dedad1d1df2bb67f738
942 _2ddc
942 _cDOAJEJ
999 _c72252
_d72252
945 _a1
_bMadushi Gamage
_c1
_dMadushi Gamage